000 00271nam a2200121Ia 4500
008 190216s9999||||xx |||||||||||||| ||und||
100 _aMehrotra H C
245 0 _aIncome Tax Law And Accounts
260 _bNull
_c1979
300 _a554p
650 _aCommerce
942 _cBK
999 _c6221
_d6221